000 01559nam a22001937a 4500
008 250922b |||||||| |||| 00| 0 eng d
020 _a9780715655238
040 _ctbs
041 _aeng
050 _aQA279
_b.S638 2025
100 _aSmith, Gary
_d1945-
_925944
_eauthor
245 _aStandard deviations
_b: the truth about flawed statistics, AI and big data
_c/ Gary Smith.
250 _aRevised edition.
260 _aLondon :
_bDuckworth,
_c2025.
300 _a388 pages :
_billistrations, tables, graphs ;
_c20 cm.
520 _aDid you know that chicken eggs can influence how computers generate random events? Or that humans can postpone death until after important ceremonial occasions? Or live three to five years longer if they have positive initials, like ACE? All these 'facts' have been presented with a straight face by researchers and backed up with convincing statistics. In Standard Deviations, economics professor Gary Smith walks us through the various tricks and traps we so often fall into. Today, data is so plentiful and our reliance on computer analysis and AI so entrenched that researchers spend precious little time distinguishing between good, meaningful deductions and rubbish. Not only do others use data to fool us, we fool ourselves. Drawing on breakthrough research in behavioural economics by luminaries like Daniel Kahneman and Dan Ariely, and taking to task some of the conclusions of Freakonomics, Standard Deviations demystifies the science behind the statistics.
650 0 _aStandard deviations
_925945
942 _2lcc
999 _c4974
_d4974